| 000 | 01295nam a22004457a 4500 | ||
|---|---|---|---|
| 005 | 20240611111233.0 | ||
| 008 | 220324s2019 cat | ||
| 017 | _aV-3571-2019 | ||
| 020 | _a9788448264215 | ||
| 040 | _ctermcat | ||
| 041 | _acat | ||
| 080 | _a626/627(460.31) | ||
| 080 | _a631.587(460.31) | ||
| 100 |
_975159 _aPeris Albentosa, Tomàs |
||
| 245 |
_aEnciclopèdia del regadiu històric valencià _bInfraestructures hidràuliques i distribució de l'aigua _cTomàs Peris Albentosa |
||
| 260 |
_aValència _bConselleria de Política Territorial, Obres Públiques i Mobilitat |
||
| 260 |
_bAcadèmia Valenciana de la Llengua _c2019 |
||
| 260 | _bCátedra Demetrio Ribes | ||
| 300 | _a774 p. | ||
| 365 |
_b34.21 _c€ |
||
| 500 | _aBibliografia. Índex | ||
| 520 | _aaprox. 500 | ||
| 546 | _acatalà | ||
| 591 | _a10865 | ||
| 592 | _aObra terminològica | ||
| 593 | _aCF | ||
| 593 | _aFA | ||
| 593 | _aFB | ||
| 593 | _aHE | ||
| 594 | _a10865 | ||
| 650 | 0 |
_960807 _aagricultura |
|
| 650 | 0 |
_961368 _ahidrologia |
|
| 650 | 0 |
_964689 _aequip de regatge |
|
| 650 | 0 |
_965642 _aenginyeria hidràulica |
|
| 852 | _cFB 16 | ||
| 902 | _a220324 | ||
| 942 |
_2ddc _cMO _n0 |
||
| 999 |
_c68117 _d68117 |
||